Двама от Ленинската гвардия (Запис номер 503995)
[ съкратено ]
| 000 -Лидер | |
|---|---|
| Лидер | 01297aaa a2200289 a 4500 |
| 003 - Код на организацията, давaща контролен номер | |
| Код на организацията, даваща контролен номер | BLK |
| 005 - Дата и час на последна редакция | |
| Дата и час на последна редакция | 20240729150059.0 |
| 007 - Фиксирано поле за физическо описани | |
| Физическо описание | ta |
| 008 - Елементи от данни с фиксирана дължина | |
| Елементи с фиксирана дължина | 221104b bu |||||r|||| 00| | bu d |
| 040 ## - Източник на каталожния запис | |
| Код на библиотеката | BLK |
| 041 ## - Код за език | |
| Език | Български |
| Език за КДБФ | Български |
| 080 ## - УДК | |
| УДК текст | Комунистически партии. Вж и 327.323 |
| УДК код | 329.15 |
| УДК – определител | (497.2) |
| УДК – код + определител | 329.15(497.2) |
| 080 ## - УДК | |
| УДК текст | Деец на българското и международното комунистическо движение |
| УДК код | 929 Аврамов, Роман Петков |
| УДК – код + определител | 929 Аврамов, Роман Петков |
| 100 ## - Редна дума - Автор | |
| R(LIN) | 366206 |
| Автор | Йорданов, Любомир |
| 245 ## - Сведения за заглавието | |
| Заглавие | Двама от Ленинската гвардия |
| Авторска отговорност | Любомир Йорданов |
| 300 ## - Физическа характеристика | |
| Брой страници | № 44, 3 ноем. 1969, с. 7. |
| 520 ## - Забележка за наличие на резюме, анотация и т.н | |
| Анотация, рецензия | За Роман Аврамов и Борис Стоманяков. |
| 600 #0 - Име на лице, използвано като предмет | |
| 9 (RLIN) | 314956 |
| За него / За нея | Аврамов, Роман |
| 600 #0 - Име на лице, използвано като предмет | |
| 9 (RLIN) | 493724 |
| За него / За нея | Стомоняков, Борис Спиридонович |
| 653 ## - Ключова дума – ненормативна | |
| 9 (RLIN) | 195878 |
| Ключови думи | русенци |
| 653 ## - Ключова дума – ненормативна | |
| 9 (RLIN) | 474406 |
| Ключови думи | партийни дейци |
| 773 0# - Описание на основна библиографска единица при аналитични записи (многотомни) | |
| Заглавие на източника | ПОГЛЕД |
| Международен стандартен номер на серията ISSN | 0205-1168 |
| Контролен номер на записа | 292421 |
| Място на издаване, издател и година | Поглед - медия 1966 |
| Информация за връзката | . // |
| 856 ## - Електронен адрес и достъп | |
| Инструкция (цена за достъп) | 0.00 |
| Права за достъп | disable |
| 942 ## - АРТИКУЛИ | |
| Източник на класификационната схема | Universal Decimal Classification |
| Вид на библиотечния документ | Статия |
| Скрит в OPAC | Не |
| 944 ## - СЪЗДАВАНЕ И РЕДАКЦИЯ на ЗАПИСА | |
| Дата на регистрацията/редакция | Моника Янева |
| Служител, извършил регистрацията/редакцията | 30570 |
| Номер на служител | Моника Янева |
| 999 ## - СИСТЕМНИ КОНТРОЛНИ НОМЕРА | |
| Koha biblionumber | 503995 |
| Koha biblioitemnumber | 503995 |
| 999 ## - СИСТЕМНИ КОНТРОЛНИ НОМЕРА | |
| Koha biblioitemnumber | 503995 |
Няма налични копия.